Archives de sciences sociales des religions

Bibliographic Details
Format: Electronic Journal
Language:English
Published: EHESS
Subjects:
Online Access:Full text available on JSTOR[1973-01-01 - 2020-10-01]
Off-campus access
LEADER 01009cas a2200217 a 4500
001 AALejournalJSTOR002425
008 230228c9999 xx r poo 0 0eng d
022 |a 0335-5985 
022 |a 1777-5825 
040 |a BD-DhAAL  |c BD-DhAAL 
245 0 0 |h [electronic resource]  |a Archives de sciences sociales des religions 
260 |b EHESS 
300 |a 1 online resource 
362 0 |a Vol. 18,  |a no. 35 
500 |a <strong>Off-Campus Access:</strong> Athens ID and Password Required 
500 |a <strong>On-Campus Access:</strong> No User ID or Password Required 
506 |a Electronic access restricted to authorized BRAC University faculty, staff and students 
538 |a Mode of access: Internet 
650 4 |a Humanities ; Religion ; Social Sciences ; Sociology 
856 4 0 |z Full text available on JSTOR[1973-01-01 - 2020-10-01]  |u https://www.jstor.org/journal/archscisocrel 
856 4 0 |z Off-campus access  |u https://go.openathens.net/redirector/bracu.ac.bd?url=https%3A%2F%2Fwww.jstor.org%2Fjournal%2Farchscisocrel